[Event "NAYCC U10 w"]
[Site "Windsor CAN"]
[Date "2016.08.09"]
[Round "4.162"]
[White "Tao, Kaitlyn"]
[Black "Wang, Jenna"]
[Result "1-0"]
[WhiteElo "626"]
[BlackElo "685"]
[PlyCount "123"]
[EventDate "2016.08.07"]
[EventType "swiss"]
[EventRounds "9"]
[EventCountry "CAN"]

1. e4 e5 2. Nf3 Nc6 3. Bc4 d6 4. h3 Nf6 5. Nc3 Nxe4 6. Nxe4 d5 7. Bb5 dxe4 8.
Nxe5 Bd7 9. Nxd7 Qxd7 10. d4 O-O-O 11. c3 Qd6 12. O-O f5 13. Bg5 Rd7 14. Qd2 a6
15. Bf4 Qd5 16. Bxc6 Qxc6 17. a4 Bd6 18. Bxd6 Qxd6 19. b4 c6 20. b5 a5 21. b6
h5 22. Rfd1 Qe7 23. Qc2 g5 24. c4 g4 25. Qc3 gxh3 26. Qxa5 Qd6 27. c5 h2+ 28.
Kh1 Qb8 29. Qa7 Rg7 30. g3 h4 31. Qxb8+ Kxb8 32. a5 hxg3 33. fxg3 Rxg3 34. a6
bxa6 35. Rxa6 f4 36. d5 f3 37. dxc6 Rg7 38. b7 f2 39. Ra8+ Kc7 40. Rxh8 Rg1+
41. Kxh2 Rxd1 42. b8=Q+ Kxc6 43. Qc8+ Kb5 44. Qb7+ Kc4 45. Qf7+ Kc3 46. Qxf2
Rd2 47. Rh3+ Kc2 48. Qxd2+ Kxd2 49. c6 e3 50. Rxe3 Kxe3 51. c7 Kd4 52. c8=Q Kd5
53. Qc7 Kd4 54. Qc6 Kd3 55. Qc5 Kd2 56. Qc4 Ke3 57. Kh3 Kf3 58. Qd4 Ke2 59. Kg2
Ke1 60. Qb2 Kd1 61. Kf3 Ke1 62. Qe2# 1-0

[Event "NAYCC U10 w"]
[Site "Windsor CAN"]
[Date "2016.08.09"]
[Round "5.153"]
[White "Pang, Ashley"]
[Black "Pask, Katherine"]
[Result "1-0"]
[WhiteElo "1107"]
[BlackElo "1198"]
[PlyCount "131"]
[EventDate "2016.08.07"]
[EventType "swiss"]
[EventRounds "9"]
[EventCountry "CAN"]

1. e4 e5 2. Nf3 Nc6 3. d4 exd4 4. Nxd4 Bc5 5. Be3 Bxd4 6. Bxd4 Nxd4 7. Qxd4 Qf6
8. Qxf6 Nxf6 9. Nc3 d6 10. f3 Be6 11. Nb5 O-O 12. Nxc7 Rac8 13. Nxe6 fxe6 14.
O-O-O d5 15. exd5 exd5 16. g3 Rc5 17. Bg2 Rfc8 18. c3 b5 19. Rd4 a5 20. a3 Rc4
21. Rxc4 Rxc4 22. Kb1 d4 23. Bf1 Rc8 24. cxd4 b4 25. axb4 axb4 26. Bh3 Rd8 27.
Rd1 Kf8 28. Kc2 Nd5 29. Kb3 Ne3 30. Rd3 Nd5 31. Be6 Nc7 32. Bc4 Rb8 33. d5 Nb5
34. Bxb5 Rxb5 35. d6 Ke8 36. Kc4 Rb8 37. Kc5 Kd7 38. Re3 Rc8+ 39. Kd5 Re8 40.
Rxe8 Kxe8 41. Kc5 Kd7 42. Kxb4 Kxd6 43. Ka5 Kc6 44. b4 Kb7 45. Kb5 g6 46. h4
Kc7 47. Ka6 Kb8 48. Kb6 h5 49. g4 hxg4 50. fxg4 Kc8 51. Ka7 Kd7 52. b5 Ke6 53.
b6 Ke5 54. b7 Kf4 55. b8=Q+ Kxg4 56. Qb4+ Kh5 57. Kb6 g5 58. hxg5 Kxg5 59. Qf8
Kg6 60. Kc5 Kg5 61. Kd5 Kg4 62. Ke4 Kg3 63. Qf3+ Kh4 64. Qg2 Kh5 65. Kf5 Kh6
66. Qg6# 1-0

[Event "NAYCC U10 w"]
[Site "Windsor CAN"]
[Date "2016.08.09"]
[Round "5.154"]
[White "Gilani, Mysha"]
[Black "Wisniowski, Natalie"]
[Result "1/2-1/2"]
[WhiteElo "1472"]
[BlackElo "1333"]
[PlyCount "109"]
[EventDate "2016.08.07"]
[EventType "swiss"]
[EventRounds "9"]
[EventCountry "CAN"]

1. d4 d5 2. c4 e6 3. Nc3 Nf6 4. cxd5 exd5 5. Bg5 Be7 6. e3 O-O 7. Bd3 Nc6 8. a3
Be6 9. Qc2 h6 10. Bh4 Re8 11. Nge2 Rc8 12. O-O a6 13. Bf5 Qd7 14. Bxe6 Qxe6 15.
Bxf6 Bxf6 16. Nf4 Qd6 17. Ncxd5 Bg5 18. Qf5 Na5 19. Rac1 b5 20. b4 Nc4 21. a4
c6 22. Nc3 Qxb4 23. axb5 axb5 24. Ne4 Nd6 25. Nxd6 Qxd6 26. Nd3 Qe6 27. Qxe6
Rxe6 28. Nb4 Rd6 29. Rfd1 Bf6 30. d5 c5 31. e4 c4 32. Nc6 Bg5 33. f4 Bd8 34.
Rb1 Kf8 35. Nxd8 Rdxd8 36. Rxb5 Re8 37. e5 c3 38. Rc1 Red8 39. d6 f6 40. Rb3
fxe5 41. fxe5 Rc5 42. Rbxc3 Rxe5 43. Rd1 Re6 44. d7 Ke7 45. Rg3 g6 46. Rgd3 Re5
47. Kf2 Rf8+ 48. Rf3 Rxf3+ 49. Kxf3 Kd8 50. Kf4 Re7 51. g3 Rxd7 52. Rxd7+ Kxd7
53. Ke5 Ke7 54. h4 h5 55. Kf4 1/2-1/2

[Event "NAYCC U10 w"]
[Site "Windsor CAN"]
[Date "2016.08.09"]
[Round "5.155"]
[White "Jain, Prisha"]
[Black "Velea, Stephanie"]
[Result "1-0"]
[WhiteElo "1316"]
[BlackElo "1268"]
[PlyCount "121"]
[EventDate "2016.08.07"]
[EventType "swiss"]
[EventRounds "9"]
[EventCountry "CAN"]

1. e4 c5 2. Nf3 d6 3. d4 cxd4 4. Nxd4 Nf6 5. Nc3 g6 6. Bc4 Bg7 7. Be3 O-O 8.
O-O Bd7 9. Qd2 Nc6 10. Rad1 Rc8 11. Bb3 Ng4 12. Nxc6 Bxc6 13. Bd4 Bxd4 14. Qxd4
Qa5 15. Bd5 Qc5 16. Qxc5 dxc5 17. Bxc6 Rxc6 18. h3 Ne5 19. f4 Nc4 20. Rd7 Rb6
21. Na4 Rb4 22. b3 Ne3 23. Rf2 Rxe4 24. Re2 f5 25. Nxc5 Rxf4 26. Rxe3 Re8 27.
Rexe7 Rxe7 28. Rxe7 Rd4 29. Rg7+ Kxg7 30. Ne6+ Kf6 31. Nxd4 Ke5 32. Nb5 a6 33.
Nc7 Kd4 34. c4 a5 35. Nb5+ Kc5 36. Kf2 Kb4 37. Kf3 a4 38. bxa4 Kxa4 39. Nd6 Kb4
40. Nxb7 Kxc4 41. Kf4 Kb4 42. Kg5 Ka3 43. Kh6 Kxa2 44. Kxh7 g5 45. Kh6 g4 46.
hxg4 fxg4 47. Kh5 g3 48. Kh4 Kb3 49. Kxg3 Kc4 50. Kg4 Kd5 51. Kg5 Ke6 52. Kg6
Ke5 53. g4 Ke6 54. Kh6 Kf7 55. g5 Kg8 56. Kg6 Kh8 57. Kf7 Kh7 58. g6+ Kh8 59.
g7+ Kh7 60. g8=Q+ Kh6 61. Qg6# 1-0

[Event "NAYCC U10 w"]
[Site "Windsor CAN"]
[Date "2016.08.09"]
[Round "5.156"]
[White "Kancharla, Meghana"]
[Black "Shen, Isamel"]
[Result "1-0"]
[WhiteElo "1346"]
[BlackElo "1129"]
[PlyCount "81"]
[EventDate "2016.08.07"]
[EventType "swiss"]
[EventRounds "9"]
[EventCountry "CAN"]

1. e4 e5 2. Nf3 Nc6 3. Bc4 Bc5 4. d3 Nf6 5. Bg5 d6 6. h3 Be6 7. Bb3 Qd7 8. Nc3
h6 9. Bh4 g5 10. Bg3 O-O-O 11. Qd2 Nh5 12. Bxe6 fxe6 13. Bh2 Rhf8 14. O-O-O a6
15. Bg3 Qg7 16. Kb1 d5 17. Qe1 Rfe8 18. a3 Nf4 19. Bxf4 exf4 20. e5 Rf8 21. d4
Ba7 22. Na4 h5 23. Nc5 Bxc5 24. dxc5 d4 25. Qe4 Rd5 26. Nxd4 Nxd4 27. Rxd4 Rxe5
28. Qd3 Rxc5 29. Rd1 Qf6 30. Qh7 h4 31. Qe4 e5 32. Rb4 Rc6 33. Qh7 Qf5 34. Qe7
Rxc2 35. Ka1 Rxf2 36. Rc4 c6 37. Rb4 b5 38. Qa7 Qf7 39. Qxf2 a5 40. Re4 Qb3 41.
Rde1 1-0

[Event "NAYCC U10 w"]
[Site "Windsor CAN"]
[Date "2016.08.09"]
[Round "5.157"]
[White "Gorti, Atmika"]
[Black "Surya, Dania"]
[Result "1-0"]
[WhiteElo "1576"]
[BlackElo "626"]
[PlyCount "91"]
[EventDate "2016.08.07"]
[EventType "swiss"]
[EventRounds "9"]
[EventCountry "CAN"]

1. e4 d5 2. exd5 Qxd5 3. Nc3 Qa5 4. Nf3 Bg4 5. d4 Nf6 6. Bd3 Nc6 7. Be3 O-O-O
8. O-O e6 9. h3 Bh5 10. g4 Bg6 11. Ng5 Rd7 12. Bc4 e5 13. d5 Qb4 14. Qe2 Na5
15. Bb5 a6 16. Bxd7+ Kxd7 17. Bd2 Qxb2 18. Na4 Qxc2 19. Qd1 Nxd5 20. Bxa5 Kd6
21. Nxf7+ Ke6 22. Nxh8 Qxd1 23. Rfxd1 Bc2 24. Nc5+ Bxc5 25. Rdc1 Bd4 26. Rxc2
Bxa1 27. Bxc7 Nxc7 28. Rxc7 b5 29. Nf7 g6 30. Ng5+ Kd6 31. Rxh7 a5 32. h4 b4
33. h5 gxh5 34. gxh5 a4 35. h6 b3 36. axb3 axb3 37. Rb7 b2 38. h7 Kc6 39. Rb3
Kc5 40. h8=Q Kc4 41. Rb8 Kc3 42. Qxe5+ Kc2 43. Qe2+ Kc1 44. Rc8+ Kb1 45. Qd1+
Ka2 46. Ra8# 1-0

[Event "NAYCC U10 w"]
[Site "Windsor CAN"]
[Date "2016.08.09"]
[Round "5.158"]
[White "Kaur, Aradh"]
[Black "Zhang, Wendy"]
[Result "1-0"]
[WhiteElo "1198"]
[BlackElo "848"]
[PlyCount "123"]
[EventDate "2016.08.07"]
[EventType "swiss"]
[EventRounds "9"]
[EventCountry "CAN"]

1. e4 e5 2. Nf3 Nc6 3. d4 exd4 4. Nxd4 Nxd4 5. Qxd4 Nf6 6. e5 Ng8 7. Bc4 Bb4+
8. Nc3 d6 9. O-O Ne7 10. Bxf7+ Kxf7 11. Qxb4 Rf8 12. exd6 Qxd6 13. Qxd6 cxd6
14. Bf4 d5 15. Rad1 Be6 16. Bg5 Rad8 17. Rfe1 Rfe8 18. Rd3 Rd7 19. Rf3+ Kg6 20.
Rxe6+ Kxg5 21. Re5+ Kg6 22. Rfe3 h6 23. Nxd5 Kf7 24. Rxe7+ Rexe7 25. Rxe7+ Rxe7
26. Nxe7 Kxe7 27. Kf1 Kd6 28. Ke2 Kc6 29. Kd3 Kd5 30. c4+ Kc5 31. Kc3 a5 32. a3
b5 33. cxb5 Kxb5 34. b3 g5 35. g4 Kc5 36. b4+ axb4+ 37. axb4+ Kd5 38. Kd3 Ke5
39. b5 Kd5 40. b6 Kc6 41. Ke4 Kxb6 42. f4 gxf4 43. Kxf4 Kc7 44. g5 hxg5+ 45.
Kxg5 Kd7 46. Kf6 Ke8 47. Kg7 Ke7 48. h4 Ke6 49. h5 Kf5 50. h6 Kg5 51. h7 Kh5
52. h8=Q+ Kg5 53. Qf8 Kg4 54. Qf6 Kg3 55. Kf7 Kg2 56. Qf4 Kh1 57. Qg4 Kh2 58.
Kf6 Kh1 59. Kf5 Kh2 60. Kf4 Kh1 61. Kf3 Kh2 62. Qg2# 1-0

[Event "NAYCC U10 w"]
[Site "Windsor CAN"]
[Date "2016.08.09"]
[Round "5.159"]
[White "Kobla, Rithika"]
[Black "Tao, Kaitlyn"]
[Result "0-1"]
[WhiteElo "953"]
[BlackElo "626"]
[PlyCount "32"]
[EventDate "2016.08.07"]
[EventType "swiss"]
[EventRounds "9"]
[EventCountry "CAN"]

1. e4 e5 2. Nf3 Nc6 3. Bc4 Bc5 4. c3 Bxf2+ 5. Kxf2 Nf6 6. Ng5 O-O 7. Qb3 Nxe4+
8. Nxe4 Na5 9. Qb4 Qh4+ 10. g3 Qxe4 11. Bxf7+ Rxf7+ 12. Kg1 Qf3 13. Qf4 exf4
14. g4 Re7 15. h3 Re1+ 16. Kh2 Qg3# 0-1

[Event "NAYCC U10 w"]
[Site "Windsor CAN"]
[Date "2016.08.09"]
[Round "5.160"]
[White "Kondakova, Elena"]
[Black "Harris, Roxana"]
[Result "0-1"]
[WhiteElo "1182"]
[BlackElo "1252"]
[PlyCount "72"]
[EventDate "2016.08.07"]
[EventType "swiss"]
[EventRounds "9"]
[EventCountry "CAN"]

1. e4 e5 2. Nf3 Nc6 3. d4 exd4 4. Bc4 Nf6 5. O-O Bc5 6. e5 Ne4 7. Re1 d5 8. Bd3
Bf5 9. c4 dxc3 10. Nxc3 Nxf2 11. Qc2 Nxd3+ 12. Kf1 Ncb4 13. Qb3 Nxe1 14. Nxe1
Qh4 15. g3 Qxh2 16. Ne4 Bxe4 17. Be3 Bxe3 18. Qxe3 Qxb2 19. Rc1 Qxe5 20. Nf3
Qxg3 21. Rd1 Qxf3+ 22. Qxf3 Bxf3 23. Re1+ Kd7 24. Kf2 Be4 25. Ke3 Rhe8 26. Kd4
Nc2+ 27. Kc3 Nxe1 28. Kb2 g5 29. a4 g4 30. a5 g3 31. a6 bxa6 32. Kc1 g2 33. Kb2
Rab8+ 34. Kc1 Rb1+ 35. Kd2 g1=Q 36. Kc3 Qe3# 0-1

[Event "NAYCC U10 w"]
[Site "Windsor CAN"]
[Date "2016.08.09"]
[Round "5.161"]
[White "Sivapathasundaram, Nithusa"]
[Black "Zhou, Madison"]
[Result "1/2-1/2"]
[WhiteElo "638"]
[BlackElo "737"]
[PlyCount "102"]
[EventDate "2016.08.07"]
[EventType "swiss"]
[EventRounds "9"]
[EventCountry "CAN"]

1. e4 e5 2. Nf3 Nc6 3. Bc4 Bc5 4. O-O Nf6 5. Nc3 O-O 6. d3 h6 7. Bd2 d6 8. h3
Be6 9. Bxe6 fxe6 10. Qe2 Bd4 11. Rfd1 Nb4 12. Rdc1 Bc5 13. a3 Nc6 14. b4 Bb6
15. b5 Nd4 16. Nxd4 Bxd4 17. a4 d5 18. Ra2 a6 19. exd5 Bxc3 20. Bxc3 Qxd5 21.
Rca1 Nd7 22. bxa6 Rxa6 23. Bb4 Rf6 24. a5 Rg6 25. Qe4 Qxe4 26. dxe4 b6 27. axb6
Rxa2 28. Rxa2 cxb6 29. c4 Nf6 30. Ra6 Nxe4 31. Rxb6 Ng5 32. c5 Nf3+ 33. Kf1
Nh2+ 34. Kg1 Nf3+ 35. Kh1 Nd4 36. Bc3 Rf6 37. Bxd4 exd4 38. c6 Rf8 39. c7 d3
40. Rd6 Rc8 41. Rc6 d2 42. Rd6 Rxc7 43. Rxd2 Re7 44. f4 g5 45. fxg5 hxg5 46.
Rd4 e5 47. Re4 Kg7 48. g3 Kg6 49. h4 gxh4 50. gxh4 Kf5 51. Re1 Kg4 1/2-1/2

[Event "NAYCC U10 w"]
[Site "Windsor CAN"]
[Date "2016.08.09"]
[Round "5.162"]
[White "Ye, Sarah"]
[Black "Yeung, Sydney"]
[Result "1/2-1/2"]
[WhiteElo "814"]
[BlackElo "742"]
[PlyCount "46"]
[EventDate "2016.08.07"]
[EventType "swiss"]
[EventRounds "9"]
[EventCountry "CAN"]

1. e4 e5 2. Nf3 Nc6 3. Bc4 Bc5 4. O-O Nf6 5. Nc3 O-O 6. d3 d6 7. Bg5 h6 8. Bh4
Bg4 9. h3 Bh5 10. Nd5 g5 11. Nxf6+ Qxf6 12. Bg3 Bxf3 13. gxf3 Nd4 14. Kg2 b5
15. Bd5 c6 16. c3 cxd5 17. cxd4 Bxd4 18. exd5 Bxb2 19. Rb1 Bd4 20. Rxb5 Rfb8
21. Rb1 Qd8 22. Re1 Rxb1 23. Qxb1 Rb8 1/2-1/2

[Event "NAYCC U10 w"]
[Site "Windsor CAN"]
[Date "2016.08.10"]
[Round "6.153"]
[White "Jain, Prisha"]
[Black "Pang, Ashley"]
[Result "0-1"]
[WhiteElo "1316"]
[BlackElo "1107"]
[PlyCount "102"]
[EventDate "2016.08.07"]
[EventType "swiss"]
[EventRounds "9"]
[EventCountry "CAN"]

1. e4 e5 2. Nf3 Nc6 3. d4 exd4 4. Nxd4 Qh4 5. Nc3 Bb4 6. Qd3 Bxc3+ 7. bxc3 Qe7
8. Nxc6 dxc6 9. Qd4 Qf6 10. Bc4 Qxd4 11. cxd4 Nf6 12. e5 Nd5 13. O-O Be6 14.
Bb3 O-O 15. Bd2 Nb6 16. Rfe1 Bxb3 17. axb3 f6 18. e6 Rfe8 19. c4 Rad8 20. Rxa7
Rxd4 21. Ba5 Rd3 22. Rxb7 Rxb3 23. Rxc7 Nxc4 24. Ra7 Nxa5 25. Rxa5 Rxe6 26.
Ra8+ Kf7 27. Ra7+ Kg6 28. Rd1 Rd6 29. Re1 Rbd3 30. g3 Rd1 31. Rxd1 Rxd1+ 32.
Kg2 Kf5 33. Rxg7 c5 34. Rxh7 c4 35. Rh5+ Ke4 36. Rc5 Kd3 37. h4 c3 38. h5 c2
39. Rc8 c1=Q 40. Rxc1 Rxc1 41. h6 Rc7 42. h7 Rxh7 43. Kf3 Rh5 44. Kg2 Ke2 45.
Kg1 Rf5 46. g4 Rxf2 47. Kh1 Kf3 48. Kg1 Rg2+ 49. Kf1 Rxg4 50. Ke1 Rd4 51. Kf1
Rd1# 0-1

[Event "NAYCC U10 w"]
[Site "Windsor CAN"]
[Date "2016.08.10"]
[Round "6.154"]
[White "Wisniowski, Natalie"]
[Black "Pask, Katherine"]
[Result "1-0"]
[WhiteElo "1333"]
[BlackElo "1198"]
[PlyCount "133"]
[EventDate "2016.08.07"]
[EventType "swiss"]
[EventRounds "9"]
[EventCountry "CAN"]

1. e4 e5 2. Nf3 Nc6 3. Bb5 a6 4. Ba4 Bc5 5. Nc3 d6 6. h3 Nf6 7. O-O O-O 8. d3
h6 9. a3 Be6 10. Re1 Qc8 11. Be3 Nd4 12. Bxd4 Bxd4 13. Nxd4 exd4 14. Ne2 c6 15.
Nxd4 Bd7 16. Qf3 a5 17. Nf5 Bxf5 18. Qxf5 Qxf5 19. exf5 b5 20. Bb3 a4 21. Ba2
Rfe8 22. Re3 Re5 23. Rxe5 dxe5 24. Re1 Re8 25. Kf1 Kf8 26. Ke2 Nd7 27. Kd2 Nc5
28. Kc3 Na6 29. b3 axb3 30. Bxb3 f6 31. g3 Ke7 32. f4 Kd6 33. a4 Nc5 34. axb5
cxb5 35. Kb4 Kc6 36. d4 Nd7 37. c4 bxc4 38. Ba4+ Kc7 39. dxe5 fxe5 40. Bxd7
Kxd7 41. Rxe5 Rc8 42. Kc3 Kd6 43. Re4 Rc5 44. g4 Rc7 45. Rxc4 Re7 46. Rd4+ Kc5
47. Kd3 Re1 48. Re4 Rd1+ 49. Ke2 Ra1 50. Re7 Ra2+ 51. Kf3 Ra3+ 52. Re3 Rxe3+
53. Kxe3 Kd6 54. Ke4 Ke7 55. Ke5 Kf7 56. h4 Ke7 57. g5 h5 58. f6+ gxf6+ 59.
gxf6+ Kf7 60. Kf5 Kg8 61. Kg6 Kh8 62. Kf7 Kh7 63. Ke7 Kh6 64. f7 Kg6 65. f8=Q
Kh7 66. Qf5+ Kh6 67. Qg5+ 1-0

[Event "NAYCC U10 w"]
[Site "Windsor CAN"]
[Date "2016.08.10"]
[Round "6.155"]
[White "Velea, Stephanie"]
[Black "Gilani, Mysha"]
[Result "1-0"]
[WhiteElo "1268"]
[BlackElo "1472"]
[PlyCount "171"]
[EventDate "2016.08.07"]
[EventType "swiss"]
[EventRounds "9"]
[EventCountry "CAN"]

1. e4 e5 2. Nf3 Nc6 3. Nc3 Nf6 4. Bb5 d6 5. d4 exd4 6. Nxd4 Bd7 7. O-O Be7 8.
Be3 O-O 9. Bxc6 Bxc6 10. Nf5 Qd7 11. f3 Qe6 12. Qd4 a6 13. Bg5 h6 14. Bh4 b6
15. Rae1 Rad8 16. f4 Bb5 17. Nxb5 axb5 18. Qc3 c5 19. Nxe7+ Qxe7 20. e5 dxe5
21. fxe5 Qd7 22. exf6 g5 23. Bg3 Qg4 24. Qf3 Qxf3 25. Rxf3 Rd2 26. Rf2 Rd7 27.
Kf1 c4 28. Rf5 Rd2 29. Rxb5 Rxc2 30. Rxb6 Rd8 31. a4 Ra8 32. Ra1 c3 33. bxc3
Rxc3 34. Rb8+ Rxb8 35. Bxb8 Rc6 36. Ba7 Rxf6+ 37. Bf2 Ra6 38. a5 Kf8 39. Ke2
Ke7 40. Kd3 Kd7 41. Kc4 Kc6 42. g3 h5 43. Be3 g4 44. Bg5 f5 45. Bf4 Kb7 46. Kb5
Ka7 47. Be3+ Kb7 48. Ra2 Ra8 49. a6+ Kb8 50. a7+ Kb7 51. Rc2 Re8 52. Ra2 Ka8
53. Bc5 Rh8 54. Ra6 h4 55. gxh4 Rxh4 56. Rb6 Rh8 57. Rb8+ Rxb8+ 58. axb8=Q+
Kxb8 59. Bf2 f4 60. Bd4 f3 61. Kc5 Kc7 62. Kd5 Kd7 63. Ke4 Kd6 64. Kf4 Kd5 65.
Bg1 Ke6 66. Kxg4 Kf6 67. Kxf3 Kg5 68. Kg3 Kh5 69. h4 Kh6 70. Kg4 Kg6 71. h5+
Kh6 72. Be3+ Kh7 73. Kg5 Kg7 74. h6+ Kh7 75. Bd4 Kg8 76. Kg6 Kf8 77. h7 Ke7 78.
h8=Q Ke6 79. Qe5+ Kd7 80. Qf6 Kc7 81. Be5+ Kb7 82. Qd6 Ka7 83. Qb4 Ka6 84. Bc7
Ka7 85. Qb6+ Ka8 86. Qb8# 1-0

[Event "NAYCC U10 w"]
[Site "Windsor CAN"]
[Date "2016.08.10"]
[Round "6.156"]
[White "Tao, Kaitlyn"]
[Black "Gorti, Atmika"]
[Result "0-1"]
[WhiteElo "626"]
[BlackElo "1576"]
[PlyCount "90"]
[EventDate "2016.08.07"]
[EventType "swiss"]
[EventRounds "9"]
[EventCountry "CAN"]

1. e4 c5 2. Nf3 d6 3. d4 cxd4 4. Nxd4 Nf6 5. Nc3 g6 6. Bb5+ Bd7 7. Bxd7+ Nbxd7
8. O-O Bg7 9. Qd3 O-O 10. Be3 Nc5 11. Qe2 Nfxe4 12. Nxe4 Nxe4 13. Qf3 Bxd4 14.
Bxd4 Nd2 15. Qh3 Nxf1 16. Qh6 e5 17. Bc3 Nxh2 18. Kxh2 Qf6 19. Kg1 Rfd8 20. Re1
b5 21. Re4 a5 22. Rh4 Qg7 23. Qxg7+ Kxg7 24. f4 b4 25. Bd2 e4 26. Be3 d5 27.
Bb6 Rd7 28. Bd4+ Kg8 29. Rh3 f5 30. c3 bxc3 31. Rxc3 Rb8 32. Rc5 a4 33. b3 axb3
34. axb3 Rxb3 35. Rc8+ Kf7 36. Bc5 e3 37. Rf8+ Kg7 38. Kf1 d4 39. Re8 d3 40.
Ke1 d2+ 41. Kd1 Rb1+ 42. Ke2 d1=Q+ 43. Kxe3 Rb3+ 44. Kf2 Rd2+ 45. Re2 Rxe2# 0-1

[Event "NAYCC U10 w"]
[Site "Windsor CAN"]
[Date "2016.08.10"]
[Round "6.157"]
[White "Kaur, Aradh"]
[Black "Kancharla, Meghana"]
[Result "1/2-1/2"]
[WhiteElo "1198"]
[BlackElo "1346"]
[PlyCount "56"]
[EventDate "2016.08.07"]
[EventType "swiss"]
[EventRounds "9"]
[EventCountry "CAN"]

1. e4 e5 2. Nf3 Nc6 3. d4 exd4 4. Nxd4 Qf6 5. Nxc6 dxc6 6. Bd3 Bc5 7. O-O Be6
8. Nc3 Qd8 9. b3 Bd4 10. Bb2 Qf6 11. Qd2 Ne7 12. Rab1 Nc8 13. Na4 Bxb2 14. Nxb2
O-O 15. Qe2 Nb6 16. f4 Qd4+ 17. Kh1 Qd8 18. f5 Bd7 19. f6 Be6 20. fxg7 Re8 21.
Qh5 Kxg7 22. e5 Kf8 23. Qxh7 Ke7 24. Bg6 Rf8 25. Qg7 Ke8 26. Rf6 Qe7 27. Rbf1
Nd5 28. R6f3 Rc8 1/2-1/2

[Event "NAYCC U10 w"]
[Site "Windsor CAN"]
[Date "2016.08.10"]
[Round "6.158"]
[White "Harris, Roxana"]
[Black "Shen, Isamel"]
[Result "1/2-1/2"]
[WhiteElo "1252"]
[BlackElo "1229"]
[PlyCount "125"]
[EventDate "2016.08.07"]
[EventType "swiss"]
[EventRounds "9"]
[EventCountry "CAN"]

1. e4 e5 2. Nf3 Nc6 3. Bb5 Nf6 4. O-O Be7 5. Re1 d6 6. c3 O-O 7. d3 Bg4 8. Nbd2
a6 9. Ba4 b5 10. Bb3 Na5 11. Bc2 c6 12. b4 Nb7 13. Nf1 Qc7 14. Bd2 d5 15. Ng3
Rfd8 16. h3 Bxf3 17. Qxf3 Rd7 18. Nf5 Bf8 19. Qg3 Kh8 20. Bg5 Nh5 21. Qg4 Nf4
22. Nh6 f6 23. Bxf6 Ng6 24. Qe6 Bd6 25. exd5 cxd5 26. Qxd5 gxf6 27. Bb3 Rc8 28.
Ng8 Bf8 29. Qf3 Bg7 30. Nxf6 Rf8 31. Nd5 Rxf3 32. Nxc7 Rfxd3 33. Nxa6 Rxc3 34.
Rac1 Rxc1 35. Rxc1 Bf8 36. Rc8 Rd8 37. Rc7 Nd6 38. Nc5 Rc8 39. Rd7 Nc4 40. Ne6
Bxb4 41. Ng5 h5 42. Bc2 Rc6 43. Be4 Ra6 44. Bf5 Ne7 45. Rd8+ Kg7 46. Ne6+ Rxe6
47. Bxe6 Kf6 48. Bd5 Nxd5 49. Rxd5 Na3 50. Kf1 Kf5 51. Ke2 Nb1 52. Kf3 Nd2+ 53.
Ke2 Ne4 54. Kf1 Nc3 55. Rd2 Bc5 56. Rc2 Bd4 57. f3 h4 58. Rb2 Kf4 59. Rc2 Nd1
60. Rd2 Nc3 61. Rc2 e4 62. fxe4 Kxe4 63. Ke1 1/2-1/2

[Event "NAYCC U10 w"]
[Site "Windsor CAN"]
[Date "2016.08.10"]
[Round "6.159"]
[White "Zhou, Madison"]
[Black "Kobla, Rithika"]
[Result "0-1"]
[WhiteElo "737"]
[BlackElo "953"]
[PlyCount "54"]
[EventDate "2016.08.07"]
[EventType "swiss"]
[EventRounds "9"]
[EventCountry "CAN"]

1. e4 c5 2. Nf3 d6 3. Bb5+ Bd7 4. Bxd7+ Nxd7 5. O-O Ngf6 6. Nc3 e6 7. d3 Be7 8.
Be3 a6 9. Qd2 Qc7 10. Rad1 O-O 11. Rfe1 d5 12. d4 dxe4 13. Ne5 Nxe5 14. dxe5
Qxe5 15. Bf4 Qh5 16. Nxe4 Nxe4 17. Rxe4 Rad8 18. Qxd8 Rxd8 19. Rxd8+ Bxd8 20.
h3 Qd1+ 21. Kh2 Qxc2 22. Re5 Bc7 23. Rg5 Bxf4+ 24. Rg3 Qxf2 25. h4 Qxg3+ 26.
Kg1 Be3+ 27. Kf1 Qf2# 0-1

[Event "NAYCC U10 w"]
[Site "Windsor CAN"]
[Date "2016.08.10"]
[Round "6.160"]
[White "Zhang, Wendy"]
[Black "Wang, Jenna"]
[Result "1-0"]
[WhiteElo "848"]
[BlackElo "685"]
[PlyCount "37"]
[EventDate "2016.08.07"]
[EventType "swiss"]
[EventRounds "9"]
[EventCountry "CAN"]

1. e4 e5 2. Nf3 Nc6 3. Bc4 d6 4. h3 Nf6 5. d3 Be7 6. Bg5 Bd7 7. a3 O-O 8. Nc3
Na5 9. Ba2 Qc8 10. Nd5 Nxd5 11. Bxd5 Qd8 12. Qd2 Bc6 13. Ba2 h6 14. Bxh6 gxh6
15. Qxh6 Bd7 16. h4 Nc6 17. Ng5 Bxg5 18. hxg5 Bf5 19. Qh8# 1-0

[Event "NAYCC U10 w"]
[Site "Windsor CAN"]
[Date "2016.08.10"]
[Round "6.161"]
[White "Surya, Dania"]
[Black "Sivapathasundaram, Nithusa"]
[Result "1-0"]
[WhiteElo "626"]
[BlackElo "628"]
[PlyCount "41"]
[EventDate "2016.08.07"]
[EventType "swiss"]
[EventRounds "9"]
[EventCountry "CAN"]

1. e4 e5 2. d4 exd4 3. c3 dxc3 4. Bc4 Nf6 5. Nxc3 Bc5 6. Nf3 O-O 7. Bg5 Nc6 8.
e5 Qe8 9. O-O Ng4 10. Qe2 d6 11. Rfd1 dxe5 12. Qe4 Nxf2 13. Qh4 Nxd1+ 14. Kf1
Nxc3 15. bxc3 e4 16. Nd2 e3 17. Bd3 f6 18. Qxh7+ Kf7 19. Bh6 exd2 20. Bc4+ Be6
21. Qxg7# 1-0

[Event "NAYCC U10 w"]
[Site "Windsor CAN"]
[Date "2016.08.10"]
[Round "6.162"]
[White "Kondakova, Elena"]
[Black "Ye, Sarah"]
[Result "1-0"]
[WhiteElo "1182"]
[BlackElo "914"]
[PlyCount "147"]
[EventDate "2016.08.07"]
[EventType "swiss"]
[EventRounds "9"]
[EventCountry "CAN"]

1. e4 e5 2. Nf3 Nc6 3. d4 d6 4. dxe5 dxe5 5. Qxd8+ Nxd8 6. Nxe5 Be6 7. Bc4 Bxc4
8. Nxc4 Nc6 9. Bf4 Nf6 10. O-O Nxe4 11. Re1 O-O-O 12. Nbd2 Nxd2 13. Bxd2 Nd4
14. Rac1 Bd6 15. Nxd6+ Rxd6 16. Bf4 Rg6 17. Kf1 Rg4 18. g3 Nf3 19. Re7 Nxh2+
20. Kg2 g5 21. Rxc7+ Kb8 22. Rxf7+ gxf4 23. Kxh2 fxg3+ 24. fxg3 h5 25. Rf4 Rg5
26. Kh3 Rb5 27. b3 Kc7 28. a4 Rb6 29. a5 Rb5 30. Rc4+ Kd6 31. b4 Ke5 32. Rf1
Ke6 33. Kh4 Rd5 34. Rc7 Rd2 35. Kh3 Rb8 36. c4 a6 37. b5 Ke5 38. bxa6 bxa6 39.
Kh4 Ke6 40. Kxh5 Rh8+ 41. Kg6 Rg8+ 42. Rg7 Rh8 43. Rf6+ Ke5 44. Rxa6 Rdh2 45.
Kf7 Kd4 46. Rc6 Rf2+ 47. Kg6 Rf3 48. g4 Ra3 49. a6 Ra4 50. c5 Ra8 51. Rd7+ Kc4
52. Rdd6 Kb5 53. g5 Rg4 54. Kf5 Rg2 55. g6 Re2 56. g7 Rae8 57. Re6 Rf2+ 58. Kg6
Rg8 59. Kh7 Ra8 60. g8=Q Rxg8 61. Kxg8 Rg2+ 62. Rg6 Rxg6+ 63. Rxg6 Kxc5 64. a7
Kd5 65. a8=Q+ Ke5 66. Qa5+ Kf4 67. Qg5+ Ke4 68. Re6+ Kd4 69. Qe5+ Kc4 70. Rc6+
Kb4 71. Qc5+ Kb3 72. Rb6+ Ka4 73. Qb5+ Ka3 74. Ra6# 1-0

[Event "NAYCC U10 w"]
[Site "Windsor CAN"]
[Date "2016.08.10"]
[Round "7.153"]
[White "Pang, Ashley"]
[Black "Velea, Stephanie"]
[Result "1/2-1/2"]
[WhiteElo "1107"]
[BlackElo "1268"]
[PlyCount "120"]
[EventDate "2016.08.07"]
[EventType "swiss"]
[EventRounds "9"]
[EventCountry "CAN"]

1. e4 c5 2. d4 cxd4 3. c3 dxc3 4. Nxc3 d6 5. Bc4 e6 6. Nf3 Nc6 7. Bf4 Nf6 8.
O-O Be7 9. e5 dxe5 10. Nxe5 Qxd1 11. Rfxd1 Nxe5 12. Bxe5 a6 13. Na4 Bd8 14.
Rxd8+ Kxd8 15. Nb6 Ra7 16. Bb8 Ra8 17. Nxa8 b5 18. Rd1+ Ke7 19. Bd6+ Kd8 20.
Be2 Nd5 21. Bf3 Kd7 22. Bxd5 exd5 23. Bg3 Bb7 24. Nc7 Rc8 25. Rc1 h6 26. f4
Rxc7 27. Rxc7+ Kxc7 28. Bf2 Kd6 29. Kf1 Ba8 30. Ke2 f5 31. g3 g6 32. h4 h5 33.
Kd3 Bc6 34. b4 Bb7 35. Bc5+ Ke6 36. Kd4 Bc6 37. a3 Be8 38. Kd3 Bc6 39. Bf2 Be8
40. Kd4 Bc6 41. Kc5 Bd7 42. Kb6 Be8 43. Kxa6 Bd7 44. Kb6 Be8 45. Bd4 Bd7 46.
Ka6 Bc6 47. Be5 Bd7 48. a4 bxa4 49. b5 Bc8+ 50. Ka7 Kd7 51. Kb6 a3 52. Kc5 Bb7
53. Kb6 Bc8 54. Kc5 Bb7 55. b6 Ke7 56. Bd6+ Kd7 57. Be5 Ke7 58. Bd6+ Kd7 59.
Be5 Ke7 60. Bd6+ Kd7 1/2-1/2